[Event "8. Lovsprings EMT Basis 1 1996"]
[Site "Ringsted"]
[Date "1996.04.12"]
[Round "5"]
[White "Jensen, Karsten"]
[Black "Haar, Bjarne"]
[Result "0-1"]
[WhiteElo "1803"]
[BlackElo "1870"]
[PlyCount "51"]
[EventDate "1996.??.??"]

1. d4 Nf6 2. c4 d6 3. Nf3 g6 4. Nc3 Bg7 5. Bg5 h6 6. Bh4 O-O 7. e3 g5 8. Nxg5
hxg5 9. Bxg5 Nh7 10. h4 f6 11. Bd3 fxg5 12. Bxh7+ Kxh7 13. hxg5+ Kg8 14. Qh5
Bf5 15. g6 Rf6 16. Nd5 e6 17. Nxf6+ Qxf6 18. Qf3 Nc6 19. g4 Bxg6 20. Qxf6 Bxf6
21. g5 Bg7 22. Ke2 Ne7 23. b4 c5 24. bxc5 dxc5 25. Rad1 cxd4 26. exd4 0-1

[Event "8. Lovsprings EMT Basis 1 1996"]
[Site "Ringsted"]
[Date "1996.04.12"]
[Round "5"]
[White "Pondal, Jesper"]
[Black "Olsen, Morten Henrik"]
[Result "1-0"]
[WhiteElo "1679"]
[BlackElo "1765"]
[PlyCount "83"]
[EventDate "1996.??.??"]

1. d4 Nf6 2. Nf3 e6 3. Bg5 Be7 4. e3 d5 5. c4 b6 6. Nc3 O-O 7. Be2 Bb7 8. O-O
Ne4 9. Bxe7 Qxe7 10. Nxe4 dxe4 11. Nd2 Nd7 12. a3 c5 13. Nb3 Rad8 14. Qc2 f5
15. dxc5 bxc5 16. Na5 Ba8 17. Qc3 Rf6 18. b4 Rh6 19. g3 e5 20. Rfd1 Qg5 21.
bxc5 f4 22. Rd6 Rxd6 23. cxd6 f3 24. Bf1 Nc5 25. Rd1 Qf5 26. Nb3 Ne6 27. c5 Ng5
28. Rd2 Bc6 29. Qc4+ Kf8 30. Qa6 Qd7 31. Na5 Bd5 32. Rxd5 Nh3+ 33. Bxh3 Qxh3
34. Qf1 Qe6 35. Rd2 Rd7 36. Rc2 g5 37. h3 Rd8 38. Kh2 Rb8 39. Qc4 Qf5 40. c6
Rb1 41. g4 Qc8 42. d7 1-0

[Event "8. Lovsprings EMT Basis 1 1996"]
[Site "Ringsted"]
[Date "1996.04.12"]
[Round "5"]
[White "Schmidt, Torben"]
[Black "Jorgensen, Lars"]
[Result "0-1"]
[WhiteElo "1663"]
[BlackElo "1753"]
[PlyCount "68"]
[EventDate "1996.??.??"]

1. e4 c5 2. Nf3 d6 3. d4 cxd4 4. Nxd4 Nf6 5. Nc3 g6 6. f4 Nc6 7. Be3 Bg7 8. Qd2
O-O 9. O-O-O Bd7 10. h3 Nh5 11. Qf2 Nxd4 12. Bxd4 Bxd4 13. Rxd4 Qa5 14. Rd5 Qc7
15. Rxh5 gxh5 16. Qh4 f6 17. Nd5 Qd8 18. Bc4 e6 19. Nc3 Rc8 20. Bb3 Kh8 21.
Qxh5 Rg8 22. Qe2 Rg7 23. g4 Qb6 24. h4 Rcg8 25. g5 Rf8 26. Rf1 a6 27. a4 Qc5
28. gxf6 Rxf6 29. e5 Rfg6 30. Ne4 Qd4 31. c3 Qb6 32. Bc2 Rg2 33. Qe1 Bxa4 34.
Bxa4 Qxb2+ 0-1

[Event "8. Lovsprings EMT Basis 1 1996"]
[Site "Ringsted"]
[Date "1996.04.19"]
[Round "6"]
[White "Christensen, Jorgen"]
[Black "Olsen, Morten Henrik"]
[Result "1/2-1/2"]
[WhiteElo "1707"]
[BlackElo "1765"]
[PlyCount "113"]
[EventDate "1996.??.??"]

1. d4 Nf6 2. c4 e6 3. Nc3 Bb4 4. Qc2 O-O 5. Bg5 h6 6. Bh4 Nc6 7. e3 d5 8. a3
Be7 9. Nf3 b6 10. Bd3 Bb7 11. O-O dxc4 12. Bxc4 Na5 13. Be2 c5 14. dxc5 bxc5
15. Rad1 Qb6 16. Ne5 Rfd8 17. Na4 Qb3 18. Qxb3 Nxb3 19. Bf3 Bxf3 20. Nxf3 g5
21. Bg3 Ne4 22. Bc7 Rdc8 23. Rd7 Bf6 24. Be5 g4 25. Bxf6 Nxf6 26. Rb7 Na5 27.
Rb5 Nc4 28. Nh4 Rab8 29. Rxb8 Rxb8 30. h3 Rb5 31. Rc1 Nxb2 32. Rxc5 Rxc5 33.
Nxc5 Nc4 34. a4 h5 35. hxg4 hxg4 36. Kf1 g3 37. fxg3 Nxe3+ 38. Ke2 Nfd5 39. Kf3
Kf8 40. g4 Ke7 41. g5 Nc4 42. Ke4 Kd6 43. Kd4 Na5 44. Ne4+ Kc6 45. Nf3 Nb3+ 46.
Kc4 Na5+ 47. Kd4 Kb6 48. g3 Nc6+ 49. Kc4 Ne3+ 50. Kd3 Nf5 51. Kc4 Ka5 52. Kc5
Nd8 53. g4 Ne3 54. Kd6 Nxg4 55. Kc7 f5 56. gxf6 Nxf6 57. Nxf6 1/2-1/2

[Event "8. Lovsprings EMT Basis 1 1996"]
[Site "Ringsted"]
[Date "1996.04.19"]
[Round "6"]
[White "Eckert, Svend"]
[Black "Christensen, Henrik"]
[Result "1-0"]
[WhiteElo "1706"]
[BlackElo "1840"]
[PlyCount "51"]
[EventDate "1996.??.??"]

1. e4 d5 2. exd5 Qxd5 3. Nc3 Qa5 4. b4 Qxb4 5. Rb1 Qd6 6. Nf3 Nf6 7. Be2 c6 8.
Rb3 g6 9. Bb2 Bg7 10. Ne4 Qd5 11. Nxf6+ Bxf6 12. Bxf6 exf6 13. Qa1 Qd8 14. Re3+
Kf8 15. O-O Kg7 16. Bc4 Re8 17. Ng5 Rf8 18. Rfe1 Nd7 19. Re7 Kh6 20. Nxf7+ Rxf7
21. Rxf7 Ne5 22. Rxe5 fxe5 23. Qxe5 Qxd2 24. Qg7+ Kg5 25. Qf6+ Kh5 26. Rxh7+
1-0

[Event "8. Lovsprings EMT Basis 1 1996"]
[Site "Ringsted"]
[Date "1996.04.19"]
[Round "6"]
[White "Flindt, Thomas"]
[Black "Jorgensen, Lars"]
[Result "0-1"]
[WhiteElo "1875"]
[BlackElo "1753"]
[PlyCount "26"]
[EventDate "1996.??.??"]

1. e4 d5 2. exd5 Qxd5 3. Nc3 Qa5 4. d4 e5 5. dxe5 Bb4 6. Bd2 Nc6 7. a3 Nd4 8.
Nge2 Bg4 9. f3 Bxf3 10. gxf3 Nxf3+ 11. Kf2 Nxe5 12. axb4 Qb6+ 13. Ke1 Nf3# 0-1

[Event "8. Lovsprings EMT Basis 1 1996"]
[Site "Ringsted"]
[Date "1996.04.19"]
[Round "6"]
[White "Holst, Peter Stein"]
[Black "Haar, Bjarne"]
[Result "1-0"]
[WhiteElo "1800"]
[BlackElo "1870"]
[PlyCount "67"]
[EventDate "1996.??.??"]

1. e4 d6 2. d4 Nf6 3. Nc3 g6 4. f3 Bg7 5. Be3 O-O 6. Qd2 Re8 7. Bh6 Bh8 8.
O-O-O c6 9. h4 Qa5 10. Kb1 b5 11. g4 b4 12. Nce2 Be6 13. Nc1 Qb6 14. h5 a5 15.
hxg6 fxg6 16. Be3 Qb7 17. Qh2 Nbd7 18. e5 Nb6 19. exf6 exf6 20. Bd2 Nd5 21.
Nge2 a4 22. Nd3 b3 23. cxb3 axb3 24. a3 Nb6 25. Nef4 Bd5 26. Nxd5 Nxd5 27. Nf4
Ra4 28. Nxd5 cxd5 29. Bc3 Qd7 30. Bd3 f5 31. gxf5 Re3 32. fxg6 Rxd3 33. Qxh7+
Qxh7 34. gxh7+ 1-0

[Event "8. Lovsprings EMT Basis 1 1996"]
[Site "Ringsted"]
[Date "1996.04.19"]
[Round "6"]
[White "Schmidt, Torben"]
[Black "Elholm, Tommy"]
[Result "0-1"]
[WhiteElo "1663"]
[BlackElo "1680"]
[PlyCount "112"]
[EventDate "1996.??.??"]

1. e4 c5 2. Nf3 d6 3. d4 cxd4 4. Nxd4 Nf6 5. Nc3 a6 6. Be2 Qc7 7. O-O e6 8. Bg5
Be7 9. Qd2 O-O 10. Kh1 b5 11. f3 Bb7 12. Bxf6 Bxf6 13. Ndxb5 axb5 14. Nxb5 Qe7
15. Qxd6 Qxd6 16. Nxd6 Ba6 17. Bxa6 Rxa6 18. Nc4 Rc6 19. b3 Bxa1 20. Rxa1 Rd8
21. Kg1 Na6 22. a3 Nc5 23. Kf1 f6 24. Ke2 e5 25. Rc1 Ne6 26. c3 Nf4+ 27. Kf1
Rc7 28. g3 Ne6 29. Ne3 Rcd7 30. Nd5 Nc7 31. c4 Nxd5 32. exd5 Kf8 33. Ke2 Ra8
34. a4 Rb7 35. Rc3 Rab8 36. c5 Rxb3 37. Kd3 Rxc3+ 38. Kxc3 Ke7 39. Kc4 Kd7 40.
a5 f5 41. a6 Kc7 42. d6+ Kc6 43. h3 g5 44. h4 gxh4 45. gxh4 h5 46. d7 e4 47.
fxe4 f4 48. e5 Kxd7 49. Kd5 f3 50. e6+ Ke7 51. Kc6 f2 52. a7 Rf8 53. Kb7 f1=Q
54. c6 Qb5+ 55. Kc7 Qa6 56. a8=Q Qxa8 0-1

[Event "8. Lovsprings EMT Basis 1 1996"]
[Site "Ringsted"]
[Date "1996.04.26"]
[Round "7"]
[White "Christensen, Henrik"]
[Black "Sorensen, Lindved"]
[Result "0-1"]
[WhiteElo "1840"]
[BlackElo "1662"]
[PlyCount "66"]
[EventDate "1996.??.??"]

1. d4 Nf6 2. c4 c5 3. Nf3 e6 4. Nc3 d5 5. e3 a6 6. Qc2 dxc4 7. dxc5 Bxc5 8.
Bxc4 b5 9. Nxb5 axb5 10. Bxb5+ Bd7 11. Qxc5 Qa5+ 12. b4 Qxb5 13. Qxb5 Bxb5 14.
Nd4 Bc4 15. a4 O-O 16. Bb2 Nd5 17. b5 e5 18. Nf3 Nb4 19. Bxe5 Nc2+ 20. Kd2 Nxa1
21. Rxa1 Rd8+ 22. Kc3 Bxb5 23. Kb4 Be2 24. Nd4 Bd3 25. Kc3 Be4 26. f3 Rc8+ 27.
Kd2 Nd7 28. Bd6 Ra6 29. Bb4 Bg6 30. e4 Ne5 31. Bc3 Rca8 32. Nb5 Nc4+ 33. Ke2
Rxa4 0-1

[Event "8. Lovsprings EMT Basis 1 1996"]
[Site "Ringsted"]
[Date "1996.04.26"]
[Round "7"]
[White "Eckert, Svend"]
[Black "Flindt, Thomas"]
[Result "0-1"]
[WhiteElo "1706"]
[BlackElo "1875"]
[PlyCount "116"]
[EventDate "1996.??.??"]

1. e4 c5 2. Nf3 Nc6 3. c3 d5 4. exd5 Qxd5 5. Be2 e5 6. d3 Be7 7. O-O Bf5 8. Ng5
Rd8 9. Bf3 Qd7 10. Ne4 Qxd3 11. Nbd2 Nf6 12. Qa4 Nxe4 13. Nxe4 b5 14. Nxc5 Qxf3
15. Qxb5 Qd5 16. Be3 Bd3 17. Qxd3 Qxd3 18. Nxd3 Rxd3 19. a4 O-O 20. Rfc1 a5 21.
Kf1 Rb8 22. Ke2 Rd7 23. Rc2 Rdb7 24. Rb1 Rb3 25. Rd2 Kf8 26. Kd1 Rxc3 27. Rd7
Rcb3 28. Rc7 Nb4 29. Ba7 Rd8+ 30. Ke2 Rbd3 31. Bb6 Rd2+ 32. Kf3 Nd5 33. Rxe7
Nxe7 34. Bxd8 Rxd8 35. b4 axb4 36. Rxb4 f6 37. a5 Nc6 38. Ra4 Ra8 39. a6 Ra7
40. Ke4 Ke7 41. Kd5 Rxa6 42. Rc4 Nb8 43. Rc7+ Nd7 44. Ke4 Ra4+ 45. Ke3 Ra3+ 46.
Ke2 h5 47. Rc8 Ra6 48. Rh8 g6 49. Rh7+ Ke6 50. h3 Rd6 51. g4 Nf8 52. Ra7 h4 53.
Ra4 g5 54. Ra5 Ng6 55. Ra3 Nf4+ 56. Ke1 Rd3 57. Ra6+ Kf7 58. Ra7+ Kg6 0-1

[Event "8. Lovsprings EMT Basis 1 1996"]
[Site "Ringsted"]
[Date "1996.04.26"]
[Round "7"]
[White "Haar, Bjarne"]
[Black "Christensen, Jorgen"]
[Result "1-0"]
[WhiteElo "1870"]
[BlackElo "1707"]
[PlyCount "75"]
[EventDate "1996.??.??"]

1. e4 c5 2. Nf3 d6 3. d4 cxd4 4. Nxd4 Nf6 5. Nc3 a6 6. Be2 e6 7. Be3 Be7 8. O-O
O-O 9. f4 Qc7 10. Bf3 Bd7 11. Nce2 Nc6 12. c4 Nxd4 13. Qxd4 Bc6 14. b4 Nxe4 15.
Bxe4 Bf6 16. Bxh7+ Kh8 17. Qd3 Bxa1 18. Rxa1 g6 19. Bd4+ e5 20. fxe5 dxe5 21.
Qg3 f6 22. Bxg6 Qg7 23. Bc5 Rfd8 24. Qh3+ Kg8 25. Bf5 Bd7 26. Ng3 Bxf5 27. Nxf5
Qh7 28. Qg4+ Kf7 29. Nd6+ Rxd6 30. Bxd6 Rd8 31. c5 Qd3 32. Rf1 Rh8 33. Qd7+ Kg6
34. Rxf6+ Kh5 35. Rf5+ Kh6 36. Qe6+ Kg7 37. Rf7+ Kg8 38. Qe8# 1-0

[Event "8. Lovsprings EMT Basis 1 1996"]
[Site "Ringsted"]
[Date "1996.04.26"]
[Round "7"]
[White "Olsen, Morten Henrik"]
[Black "Elholm, Tommy"]
[Result "1-0"]
[WhiteElo "1765"]
[BlackElo "1680"]
[PlyCount "57"]
[EventDate "1996.??.??"]

1. e4 c5 2. Nf3 d6 3. d4 cxd4 4. Nxd4 Nf6 5. Nc3 a6 6. Be3 b5 7. Be2 e6 8. g4
b4 9. Na4 Bb7 10. f3 Be7 11. Bc4 O-O 12. Qd2 d5 13. exd5 Nxd5 14. Bxd5 Bxd5 15.
g5 Nd7 16. h4 Qa5 17. b3 Ne5 18. Qe2 Rac8 19. Rh2 Bd6 20. f4 Nc6 21. Nf3 Bxf3
22. Qxf3 Qf5 23. O-O-O Be5 24. Rhd2 Bc3 25. Rd6 Ne5 26. Qb7 Bb2+ 27. Kxb2 Qxc2+
28. Ka1 Qe2 29. Qxc8 1-0